| 000 | 00737nam a22002297a 4500 | ||
|---|---|---|---|
| 005 | 20170124110010.0 | ||
| 010 | _aA-944314 | ||
| 020 |
_c00.00 _a8186030743 |
||
| 035 | _aA-944314 | ||
| 037 | _bCen Lib/ Ret | ||
| 040 |
_aDPL _bEN |
||
| 082 |
_a302 _bNAT |
||
| 245 |
_aNationalism regionalism and philosophy of national integration / _cedited by N.Malla |
||
| 260 |
_aNew Delhi _bRegency publications _c1998 |
||
| 270 |
_a20/36-G,Old Market West Patel Nagar _bNew Delhi _e110008 |
||
| 300 |
_a213p. _c21cm(Hb) |
||
| 500 | _aIncludes bibliographical reference | ||
| 650 |
_aNationalism -- India. _974189 |
||
| 650 |
_aRegionalism -- India. _974190 |
||
| 700 |
_aMalla, N. _974191 |
||
| 942 |
_2ddc _cEN _h302 _mNAT |
||
| 999 |
_c126489 _d126489 |
||